| 000 | 00000nam##2200000za#4500 |
| 001 | 9.661258 |
| 003 | CaOODSP |
| 005 | 20210615120047 |
| 007 | ta |
| 008 | 150407|1999||||xxc||||| f|0| 0 fre|d |
| 020 | |a0-662-64435-2 |
| 040 | |aCaOODSP|bfre |
| 041 | |aeng |
| 041 | |afre |
| 043 | |an-cn--- |
| 086 | 1 |aEn21-193/1999 |
| 110 | 1 |aCanada. |bEnvironnement Canada. |
| 245 | 10|aCadre de gestion pour la planification, le rapport et la responsabilisation |
| 260 | |aOttawa - Ontario : |bEnvironnement Canada |c1999. |
| 300 | |a24p. ; |c28 cm. |
| 546 | |aBilingue |
| 563 | |aCouverture souple |
| 590 | |a00-22|b2000-06-22 |
| 691 | 07|aPolitique environnementale|2gcpds |
| 691 | 07|aEnvironnement|2gcpds |
| 691 | 07|aGestion|2gcpds |
| 776 | 0#|tCadre de gestion pour la planification, le rapport et la responsabilisation |w(CaOODSP)9.640292 |
| 776 | 0#|tManagement framework for planning, reporting and accountability |w(CaOODSP)9.696174 |
| 791 | |tManagement framework for planning, reporting and accountability |eeng|w(CaOODSP)9.661257 |